| 000 | 00473nam a2200181Ia 4500 | ||
|---|---|---|---|
| 003 | GCL | ||
| 008 | 140319s9999 xx 000 0 eng d | ||
| 040 |
_aGCL / _cGCL |
||
| 082 | 0 | 4 |
_a808.81 _bG P |
| 100 | 1 | _aGOETHE,J.W.JON | |
| 245 | 1 | 0 |
_aPOETRY AND TRUTR: FROM MY OUN LIFE UOL / _cGOETHE,J.W.JON |
| 700 | 1 | _aSMITH, MINNA STEELE | |
| 260 |
_a[S.N] : _bGEORGE BELL & SONS ، _c1908 |
||
| 300 | _a326P | ||
| 650 | 0 | 4 | _aLITERATURE |
| 650 | 0 | 4 | _aLITERACY |
| 942 |
_2ddc _cBK |
||
| 999 |
_c12290 _d12290 |
||